| 000 | 00601nam a2200217 a 4500 | ||
|---|---|---|---|
| 001 | 18899 | ||
| 003 | CO-ViMGA | ||
| 008 | 141112s2004 ck r 000 u spa d | ||
| 020 | _a9681664434 | ||
| 040 |
_aCO-ViMGA _bspa _cCO-ViMGA |
||
| 082 | 0 | 4 | _aBROp |
| 100 | 1 |
_aBrowne, Anthony _92847 |
|
| 245 | 1 | 0 | _aMi Papá |
| 260 |
_aMexico : _bFondo de Cultura Económica; 2002 |
||
| 300 | _a25 p. | ||
| 490 | 0 | _aA la orilla del viento | |
| 590 | _aForma de adquisición : Mincultura | ||
| 650 | 1 | 4 |
_aCUENTOS INFANTILES ESTADOUNIDENSES _9823 |
| 650 | 1 | 4 |
_aPADRES - CUENTOS INFANTILES _94195 |
| 942 |
_2ddc _cBK |
||
| 999 |
_c10217 _d10217 |
||